00410nam a22001697a 4500003000700000005001700007008004100024020001800065082002500083100001700108245001900125250001400144260004300158300000800201490002600209650000500235MPLRDC20220104142701.0210129b ||||| |||| 00| 0 eng d a962-17-0569-X a947.411 CZZ v.13 c.3 a蔡志忠著 a漫画中庸c a第三版 ab博益出版集团有限公司c1989 b平 a蔡志忠作品集;13 a